Nuevo diccionario de moral cristiana

Đã lưu trong:
Chi tiết về thư mục
Những tác giả chính: Rotter, Hans (Tác giả), Virt, Günter (Tác giả)
Định dạng: Sách
Ngôn ngữ:Tiếng Tây Ban Nha
Được phát hành: Barcelona Herder 1993
Những chủ đề:
Các nhãn: Thêm thẻ
Không có thẻ, Là người đầu tiên thẻ bản ghi này!

MARC

LEADER 00000nam a2200000 a 4500
001 UCZ1921
003 CL-VaPUC
008 950914e19930000SP |||||||||||||||||spa|d
020 |a 8425418275 
082 0 4 |a 241.03  |b ROT  |2 21 
100 0 |a Rotter, Hans  |e author  |9 345623 
700 0 |a Virt, Günter  |e author  |9 345624 
245 1 0 |a Nuevo diccionario de moral cristiana 
300 |a 629 p 
942 |c BK 
945 |d 19950914 00:00:00  |a aalvarez 
260 |a Barcelona  |b Herder  |c 1993 
650 0 |a Teología moral   |9 256617 
650 0 |a Diccionarios  |9 256200 
650 0 |a Español  |9 255372 
650 0 |a Ética cristiana   |9 308677 
583 |a last modification  |c 20160907 09:55:05  |k Rodrigo Vera 
999 |c 238593  |d 238591 
952 |0 0  |1 0  |4 0  |6 241_030000000000000_ROT_1993  |7 0  |8 X  |9 248880  |a BIBTEO  |b BIBTEO  |d 2019-11-18  |i 3130452  |o 241.03 ROT 1993  |p 3130452  |r 2025-01-17  |w 2019-11-18  |y BK_X  |k ICR 
952 |0 0  |1 0  |4 0  |6 241_030000000000000_ROT_1993  |7 0  |8 X  |9 248881  |a BIBTEO  |b BIBTEO  |d 2019-11-18  |i 4456343  |o 241.03 ROT 1993  |p 4456343  |r 2025-01-17  |w 2019-11-18  |y BK_X  |k ICR